Precursor processing in the biosynthesis of proteins / (Record no. 166327)

MARC details
000 -LEADER
fixed length control field 01222nam a2200325 i 4500
008 - FIXED-LENGTH DATA ELEMENTS--GENERAL INFORMATION
fixed length control field
020 ## - INTERNATIONAL STANDARD BOOK NUMBER
International Standard Book Number 0897660730 (pbk.)
049 ## - LOCAL HOLDINGS (OCLC)
Holding library MAIN
050 0# - LIBRARY OF CONGRESS CALL NUMBER
Classification number QP551
Item number PRE
003 - CONTROL NUMBER IDENTIFIER
control field
005 - DATE AND TIME OF LATEST TRANSACTION
control field 20230123134448.0
040 ## - CATALOGING SOURCE
Transcribing agency NUST
245 00 - TITLE STATEMENT
Title Precursor processing in the biosynthesis of proteins /
Statement of responsibility, etc. edited by Morris Zimmerman, Richard A. Mumford, and Donald F. Steiner.
260 ## - PUBLICATION, DISTRIBUTION, ETC.
Place of publication, distribution, etc. New York, N.Y. :
Name of publisher, distributor, etc. New York Academy of Sciences,
Date of publication, distribution, etc. 1980.
300 ## - PHYSICAL DESCRIPTION
Extent 449 p. :
Other physical details ill. ;
Dimensions 23 cm.
440 #0 - SERIES STATEMENT/ADDED ENTRY--TITLE
Title Annals of the New York Academy of Sciences ;
Volume/sequential designation v. 343
500 ## - GENERAL NOTE
General note Proceedings of a conference held by the New York Academy of Sciences, May 2-3, 1979.
504 ## - BIBLIOGRAPHY, ETC. NOTE
Bibliography, etc. note Includes bibliographical references.
500 ## - GENERAL NOTE
General note includes index.
650 #0 - SUBJECT ADDED ENTRY--TOPICAL TERM
Topical term or geographic name entry element Protein biosynthesis
General subdivision Congresses.
650 #2 - SUBJECT ADDED ENTRY--TOPICAL TERM
Topical term or geographic name entry element Proteins
General subdivision biosynthesis
-- congresses.
650 #2 - SUBJECT ADDED ENTRY--TOPICAL TERM
Topical term or geographic name entry element Protein Precursors
General subdivision congresses
700 ## - ADDED ENTRY--PERSONAL NAME
Personal name Zimmerman, Morris.
700 ## - ADDED ENTRY--PERSONAL NAME
Personal name Mumford, Richard A.
700 ## - ADDED ENTRY--PERSONAL NAME
Personal name Steiner, Donald F.
710 2# - ADDED ENTRY--CORPORATE NAME
Corporate name or jurisdiction name as entry element New York Academy of Sciences.
740 0# - ADDED ENTRY--UNCONTROLLED RELATED/ANALYTICAL TITLE
Uncontrolled related/analytical title Conference on precursor processing in the biosynthesis of proteins.
907 ## - LOCAL DATA ELEMENT G, LDG (RLIN)
a .b10245455
b 10-04-13
c 21-05-07
942 ## - ADDED ENTRY ELEMENTS (KOHA)
Koha item type Ordinary Loan Books
Holdings
Date last seen Total Checkouts Full call number Barcode Cost, replacement price Price effective from Koha item type Lost status Source of classification or shelving scheme Damaged status Not for loan Collection Withdrawn status Home library Current library Shelving location Date acquired Cost, normal purchase price
01/23/2023   QP551 PRE 92004007317 80.00 01/23/2023 BOOKS   LCC     NFIC   MAIN MAIN GEN 01/23/2023 80.00